00667nam a22001937a 4500999001500000001000600015003000900021005001700030008004100047040003800088082002400126245004500150260004400195300002900239650004300268710002800311942001200339952012200351 c1644d164415577BD-DhUAP20200211125044.0200211s2004 bg ||||| |||| 00| 0 eng d aBD-DhUAPbEngcBD-DhUAPdBD-DhUAP 223a348.5492046 BLD aBLD'S 10-years civil digest (1993-2002). aDhaka :bBangladesh bar council,c2004. axvi, 596 pages ;c25 cm. aLaw reports, digests, etczBangladesh. aBangladesh bar council, 2ddccBK 00102ddc4070aUAPCLbUAPCLcGeneral Stacksd2020-02-11o348.5492046 BLDp3010015577r2020-02-11t1w2020-02-11yBK